| 000 | 00568nam a2200241 a 4500 | ||
|---|---|---|---|
| 001 | nice12345678 | ||
| 003 | IN_TiNIC | ||
| 005 | 20260116011341.0 | ||
| 008 | 050524s1958 laha grp 000 0 urd | ||
| 020 |
_a _c100 |
||
| 082 | 0 | 0 |
_a297.24 _bPAR |
| 100 | _aParviz, G A | ||
| 245 | _aShola-I-Mastoor | ||
| 260 |
_aLahore _bIdara-E-Tuloo-E-Islam _c1958 |
||
| 300 | _a272p | ||
| 500 | _aincludes index and biblioraphy | ||
| 505 | 2 | _abibliography | |
| 650 | _aProphets in the Quran | ||
| 700 | 1 | _aParviz, G A | |
| 902 | _bRBA | ||
| 942 | _cBK | ||
| 999 |
_c760 _d760 |
||